000 00700nam a2200193Ii 4500
003 JO-AjNU
008 230605s9999||||xx |||||||||||||| ||und||
040 _aJO-AjNU
_bara
_erda
_cJO-AjNU
041 _aara
050 1 4 _aZ6605.A6.K672 1982
100 3 _aعواد ، كوركيس ,
_eauthor
_914918
245 0 0 _aاقدم المخطوطات العربية في المكتبات العالم
264 3 1 _aالعراق : منشورات وزارة الثقافة والاعلام ،1982
300 _a243ص
336 _atext
_btxt
_2rdacontent
337 _aunmediated
_bn
_2rdamedia
338 _avolume
_bnc
_2rdacarrier
650 4 _aالمخطوطات العربير-ببلوجرافيات
_914919
999 _aA4093
_c7661
_d7661